000 00480nam a22001817a 4500
003 NUST - PNEC
005 20170116180805.0
008 150422b xxu||||| |||| 00| 0 eng d
020 _a969534075X
040 _cLIBRARY
082 _a297.63 HAM
100 _92906
_aHamidullah, Mohammad
245 _aKhutbat e Bahawalpur
_cDr. Mohammad Hamidullah
260 _aLahore:
_bBacon Box,
_cc2005.
300 _a336 p. :
_c22 cm.
650 _92910
_aIslam
_xGeneral
942 _2ddc
_cBK
999 _c63154
_d63154